The vasistha ramayana : (Record no. 132571)
[ view plain ]
| 000 -LEADER | |
|---|---|
| fixed length control field | 00645nam a22002297a 4500 |
| 005 - DATE AND TIME OF LATEST TRANSACTION | |
| control field | 20170124110156.0 |
| 010 ## - LIBRARY OF CONGRESS CONTROL NUMBER | |
| LC control number | A-143243 |
| 020 ## - INTERNATIONAL STANDARD BOOK NUMBER | |
| Terms of availability | 00.00 |
| 037 ## - SOURCE OF ACQUISITION | |
| Source of stock number/acquisition | Cen Lib/Ret |
| 040 ## - CATALOGING SOURCE | |
| Original cataloging agency | DPL |
| Language of cataloging | EN |
| 082 ## - DEWEY DECIMAL CLASSIFICATION NUMBER | |
| Classification number | 181.45 |
| Item number | MAI |
| 100 ## - MAIN ENTRY--PERSONAL NAME | |
| Personal name | Mainkar, T.G. |
| 9 (RLIN) | 35140 |
| 245 ## - TITLE STATEMENT | |
| Title | The vasistha ramayana : |
| Statement of responsibility, etc | by T.G. Mainkar |
| Remainder of title | a study / |
| 260 ## - PUBLICATION, DISTRIBUTION, ETC. (IMPRINT) | |
| Place of publication, distribution, etc | New Delhi |
| Name of publisher, distributor, etc | Meharchand Lachhmandas |
| Date of publication, distribution, etc | 1977 |
| 270 ## - ADDRESS | |
| Address | 2736,Darya Ganj |
| City | New Delhi |
| Postal code | 110002 |
| 300 ## - PHYSICAL DESCRIPTION | |
| Extent | xi,256p. |
| Dimensions | 21cm(Hb) |
| 500 ## - GENERAL NOTE | |
| General note | Includes index |
| 650 ## - SUBJECT ADDED ENTRY--TOPICAL TERM | |
| Topical term or geographic name as entry element | Yogavāsiṣṭha |
| 9 (RLIN) | 35141 |
| 650 ## - SUBJECT ADDED ENTRY--TOPICAL TERM | |
| Topical term or geographic name as entry element | Vedanta |
| 9 (RLIN) | 26357 |
| 700 ## - ADDED ENTRY--PERSONAL NAME | |
| 9 (RLIN) | 35082 |
| 942 ## - ADDED ENTRY ELEMENTS (KOHA) | |
| Source of classification or shelving scheme | Dewey Decimal Classification |
| Koha item type | English Books |
| Classification part | 181.45 |
| Call number suffix | MAI |
| Withdrawn status | Lost status | Damaged status | Not for loan | Home library | Current library | Date acquired | Source of acquisition | Cost, normal purchase price | Total Checkouts | Full call number | Barcode | Date last seen | Copy number | Cost, replacement price | Price effective from | Koha item type | Public note |
|---|---|---|---|---|---|---|---|---|---|---|---|---|---|---|---|---|---|
| Written off | Central Library | Central Library | 23/07/2015 | Cen Lib/Ret | 0.00 | 181.45 MAI | A-143243 | 23/07/2015 | 1 | 0.00 | 23/07/2015 | English Books | W/d list no. 6805/4 |
